000 01081nam0a2200289 4500
001 RU\NLR\bibl\2608
005 20260409063417.0
010 _a5-7896-0002-6
_910000
021 _aRU
_b97-20529
_9845
035 _a(NLR Aleph) 000002499
090 _a4334
_c4334
100 _a19980703d1997 |||y0rusy50 ca
101 0 _arus
102 _aRU
105 _a|||||||||||||
200 1 _aГражданский процессуальный кодекс РСФСР
_eС изм. и доп. на 1 дек. 1996 г.
210 _aМ.
_cПроспект
_d1997
215 _a176 с.
_d22
606 0 _aГражданский процессуальный кодекс
_yРоссийская Федерация
_92075486
_3RU\NLR\auth\661250561
686 _aХ629.2-324.9(2=Р)
740 1 _aРоссийская Федерация
_tЗаконы
_iГражданский процессуальный кодекс
_3RU\NLR\AUTH\880379477
_9425338
801 0 _aRU
_bNLR
_c19980703
_gPSBO
801 1 _aRU
_bNLR
_c19980703
852 _aNLR
_j97-5/1601
942 _cBOOK
980 _aNB